Use of Landsat imagery to estimate ground-water pumpage for irrigation on the Columbia Plateau in eastern Washington, 1985 /

Bibliographic Details
Main Authors: Van Metre, Peter (Author), Seevers, Paul (Author)
Corporate Author: Washington (State). Department of Ecology
Format: Government Document eBook
Language:English
Published: Tacoma, Washington : Department of the Interior, U.S. Geological Survey, 1991.
Series:Water-resources investigations report ; 89-4157.
Subjects:
Online Access:https://purl.fdlp.gov/GPO/gpo190255

MARC

Tag First Indicator Second Indicator Subfields
LEADER 00000nam a2200000 i 4500
001 in00004642213
006 m o d f
007 cr |||||||||||
007 cr b|||||||ada
008 101106s1991 dcuab ob f000 0 eng c
005 20230113213604.7
019 |a 621804021  |a 664541731  |a 974646836  |a 1153329220 
035 |a (OCoLC)ocn679036772 
040 |a OCLCE  |b eng  |e rda  |e pn  |c OCLCE  |d OCLCQ  |d OCLCF  |d OCLCQ  |d OCLCO  |d OCLCQ  |d COP  |d OCLCQ  |d OCLCO  |d GPO  |d MvI 
042 |a pcc 
043 |a n-us-wa 
049 |a WWW 
074 |a 0624-B-05 (online) 
086 0 |a I 19.42/4:89-4157 
100 1 |a Van Metre, Peter,  |e author. 
245 1 0 |a Use of Landsat imagery to estimate ground-water pumpage for irrigation on the Columbia Plateau in eastern Washington, 1985 /  |c by Peter Van Metre and Paul Seevers ; prepared in cooperation with the State of Washington Department of Ecology. 
264 1 |a Tacoma, Washington :  |b Department of the Interior, U.S. Geological Survey,  |c 1991. 
300 |a 1 online resource (iv, 38 pages) :  |b illustrations, maps. 
336 |a text  |b txt  |2 rdacontent 
337 |a computer  |b c  |2 rdamedia 
338 |a online resource  |b cr  |2 rdacarrier 
490 1 |a U.S. Geological Survey water-resources investigations report ;  |v 89-4157 
504 |a Includes bibliographical references (page 38). 
500 |a GPO Cataloging Record Distribution Program (CRDP). 
588 |a Description based on online resource, PDF version; title from title page (USGS, viewed on Dec. 29, 2022). 
650 0 |a Astronautics in hydrology. 
650 0 |a Irrigation  |z Columbia Plateau. 
650 0 |a Groundwater  |z Columbia Plateau. 
650 0 |a Landsat satellites. 
650 7 |a Astronautics in hydrology.  |2 fast  |0 (OCoLC)fst00819594 
650 7 |a Groundwater.  |2 fast  |0 (OCoLC)fst00948209 
650 7 |a Irrigation.  |2 fast  |0 (OCoLC)fst00979502 
650 7 |a Landsat satellites.  |2 fast  |0 (OCoLC)fst00991768 
651 7 |a United States  |z Columbia Plateau.  |2 fast  |0 (OCoLC)fst01240043 
700 1 |a Seevers, Paul,  |e author. 
710 2 |a Geological Survey (U.S.),  |e issuing body. 
710 1 |a Washington (State).  |b Department of Ecology. 
776 0 8 |i Print version:  |a Van Metre, Peter  |t Use of Landsat imagery to estimate ground-water pumpage for irrigation on the Columbia Plateau in eastern Washington, 1985  |w (OCoLC)24364638 
830 0 |a Water-resources investigations report ;  |v 89-4157. 
856 4 0 |u https://purl.fdlp.gov/GPO/gpo190255  |t 0 
999 f f |s 39231f8e-ddd6-4ec1-82a8-48354ab38175  |i 7f29a968-a80a-4973-844e-b232d94693e3  |t 0 
952 f f |a Texas A&M University  |b College Station  |c Electronic Resources  |d Available Online  |t 0  |e I 19.42/4:89-4157  |h Superintendent of Documents classification 
998 f f |a I 19.42/4:89-4157  |t 0  |l Available Online